SOFSEM 2025 theory and practice of computer science : 50th International Conference on Current Trends in Theory and Practice of Computer Science, SOFSEM 2025, Bratislava, Slovakia, January 20-23, 2025, proceedings Part II
| Other Authors: | , |
|---|---|
| Format: | Conference Proceeding Book |
| Language: | English |
| PhysicalDescription: | xxv, 353 strán grafy, tabuľky, vzorce 24 cm |
| Published: |
Cham
Springer
[2025]
|
| ISBN: | 9783031826962 9783031826979 |
| ISSN: | 0302-9743 |
| Series: | Lecture Notes in Computer Science
Advanced research in computing and software science |
| Subjects: |
MARC
| LEADER | 00000cam a2200000 4500 | ||
|---|---|---|---|
| 001 | vtls012289613 | ||
| 003 | SK-MaSNL | ||
| 005 | 20260422123236.0 | ||
| 008 | 260113s2025 sz dal frn 101 0 eng | ||
| 015 | |a SNBZSA2026/04 | ||
| 020 | |a 9783031826962 |q (brožované) | ||
| 020 | |a 9783031826979 |q (eBook) | ||
| 022 | |a 0302-9743 | ||
| 040 | |a SNK |b slo |c SNK |e rda | ||
| 041 | 0 | |a eng | |
| 044 | |a sz |c CH | ||
| 072 | 7 | |a 004.2 |x Počítačová architektúra |2 konspekt | |
| 080 | |a 004 |2 2011 | ||
| 080 | |a 007+004 |2 2011 | ||
| 080 | |a 004.4 |2 2011 | ||
| 080 | |a 003.26 |2 2011 | ||
| 080 | |a 004.8 |2 2011 | ||
| 080 | |a (062.534) |2 2011 | ||
| 111 | 1 | |a SOFSEM (Conference) |n (48th : |d 2023 : |c Nový Smokovec, Slovensko) |4 pbl |9 402355 | |
| 245 | 1 | 0 | |a SOFSEM 2025 |b theory and practice of computer science : 50th International Conference on Current Trends in Theory and Practice of Computer Science, SOFSEM 2025, Bratislava, Slovakia, January 20-23, 2025, proceedings |n Part II |c Rastislav Královič, Věra Kůrková, editors |
| 246 | 3 | 0 | |a Theory and practice of computer science |
| 246 | 3 | |a Fiftieth International Conference on Current Trends in Theory and Practice of Computer Science | |
| 246 | 3 | |a Current Trends in Theory and Practice of Computer Science | |
| 264 | 1 | |a Cham |b Springer |c [2025] | |
| 264 | 4 | |c ©2025 | |
| 300 | |a xxv, 353 strán |b grafy, tabuľky, vzorce |c 24 cm | ||
| 336 | |a text |b txt |2 rdacontent | ||
| 337 | |a bez média |b n |2 rdamedia | ||
| 338 | |a zväzok |b nc |2 rdacarrier | ||
| 490 | 1 | |a Lecture notes in computer science |v 15539 | |
| 490 | 1 | |a Advanced research in computing and software science : subline of lecture notes in computer science | |
| 504 | |a Obsahuje bibliografiu za jednotlivými príspevkami a register autorov | ||
| 650 | 0 | 7 | |a počítačová veda |2 SNKPH |9 1900 |
| 650 | 0 | 7 | |a informatika |2 SNKPH |9 1124 |
| 650 | 0 | 7 | |a softvér |2 SNKPH |9 1223 |
| 650 | 0 | 7 | |a kryptografia |2 SNKPH |9 4090 |
| 650 | 0 | 7 | |a umelá inteligencia |2 SNKPH |9 1830 |
| 650 | 0 | 7 | |a Computer science |2 SNKPHeng |9 313712 |
| 650 | 0 | 7 | |a Informatics |2 SNKPHeng |9 267334 |
| 650 | 0 | 7 | |a Software |2 SNKPHeng |9 319938 |
| 650 | 0 | 7 | |a Cryptography |2 SNKPHeng |9 411356 |
| 650 | 0 | 7 | |a Artificial intelligence |2 SNKPHeng |9 267376 |
| 655 | 7 | |a zborníky konferencií |2 SNKPH |9 70153 | |
| 655 | 7 | |a Proceedings of conferences |2 SNKPHeng |9 265791 | |
| 700 | 1 | |a Královič, Rastislav |4 edt |9 24905 | |
| 700 | 1 | |a Kůrková, Věra |4 edt |9 513302 | |
| 830 | 0 | |a Lecture Notes in Computer Science |9 305956 | |
| 830 | 0 | |a Advanced research in computing and software science |9 402356 | |
| 852 | |a Slovenská národná knižnica | ||
| 919 | |a 978-3-031-82696-2 | ||
| 954 | |a odborná, vedecká literatúra cudzojazyčná (svetová) |2 lita | ||
| 954 | |a odborná, vedecká literatúra pôvodná (slovenská) |2 lita | ||
| 958 | |a ZS | ||
| 958 | |a NB | ||
| 999 | |c 961439 |d 963369 | ||
| 952 | |a SNK |b SNK |c SNK_KF |y PREZ |7 8 |p 17A1583399 |o snkSC 213419 |i snk2026/444 |8 3 |g 61.84 |0 0 |1 0 |4 0 |d 2026-01-13 |l 0 |r 2026-02-24 10:19:25 |w 2026-02-24 | ||


